[Event "Open13 06/07"]
[Site "?"]
[Date "2007.02.03"]
[Round "5"]
[White "Thomet, Yannick"]
[Black "Laurent, Yohan"]
[Result "1-0"]
[WhiteElo "2040"]
[BlackElo "1760"]
[PlyCount "63"]

1. d4 Nf6 2. e3 b6 3. Nd2 Bb7 4. f4 e6 5. Ngf3 Bd6 6. Bd3 Ng4 7. Qe2 c5 8. Nc4
Be7 9. O-O d5 10. Nce5 Nxe5 11. Nxe5 c4 12. Qh5 g6 13. Bxg6 fxg6 14. Nxg6 hxg6
15. Qxh8+ Kd7 16. Qh7 Qe8 17. Rf3 Nc6 18. Rg3 Nb4 19. c3 Nd3 20. Rxg6 Qh8 21.
Qf7 Re8 22. Qxe6+ Kd8 23. Qg4 Bc8 24. Qf3 Bb7 25. b3 b5 26. bxc4 bxc4 27. Rb1
Kc7 28. Bd2 Bc6 29. Be1 Qh7 30. f5 Kd7 31. Qg4 Bd6 32. Rg7+ 1-0

[Event "Open13 06/07"]
[Site "?"]
[Date "2007.02.03"]
[Round "5"]
[White "Nari, Damien"]
[Black "Pieri, Thierry"]
[Result "1-0"]
[WhiteElo "1755"]
[BlackElo "1927"]
[PlyCount "81"]
[EventDate "2007.??.??"]

1. e4 d6 2. d4 Nf6 3. Nc3 g6 4. Nge2 c6 5. f3 Nbd7 6. Be3 b5 7. d5 cxd5 8. Nxd5
Bb7 9. Nef4 a6 10. c4 $14 bxc4 (10... e5 11. Nxf6+ Nxf6 $14) 11. Bxc4 Bg7 $6 {
un coup "automatique" qui met déjà les Noirs en difficulté} (11... Nxd5 12.
Bxd5 Bxd5 13. Nxd5 Bg7 $14) 12. Nxf6+ $1 $16 Bxf6 (12... Nxf6 13. Qb3 d5 14.
Nxd5 Bxd5 15. exd5 O-O $16) 13. Qb3 O-O $2 {perd une pièce nette} (13... Qa5+
14. Bd2 (14. Ke2 Bc6 15. Bxf7+ Kf8 16. Ne6+ Kxf7 17. Nd8+ Ke8 18. Nxc6 Qb5+ 19.
Qxb5 axb5 $16) 14... Qb6 15. Bxf7+ Kf8 16. Rc1 Qxb3 17. Bxb3 Nc5 18. Ne6+ Nxe6
19. Bxe6 Rb8 $18 {les Noirs ont un P de retard et peuvent encore jouer}) 14.
Qxb7 $18 Rb8 15. Qxa6 Nc5 16. Bxc5 dxc5 17. Rd1 Bd4 18. Ne2 Rb6 19. Qa4 Rxb2
20. Nxd4 cxd4 21. O-O e5 22. Rb1 Qb6 23. Rxb2 Qxb2 24. Qb3 Qd2 25. Rd1 Qf4 26.
g3 Qg5 27. Rf1 Kg7 28. f4 exf4 29. Rxf4 Qe5 30. Qb5 Qc7 31. Qd5 f6 32. e5 fxe5
33. Rxf8 Kxf8 34. Qg8+ Ke7 35. Qxh7+ Kd6 36. Qxc7+ Kxc7 37. Bd3 g5 38. h4 gxh4
39. gxh4 Kd6 40. Kf2 Kd5 41. Kf3 1-0

[Event "Open13 06/07"]
[Site "?"]
[Date "2007.02.03"]
[Round "5"]
[White "Madranges, Jean"]
[Black "Regaud, Denis"]
[Result "1-0"]
[WhiteElo "1910"]
[BlackElo "1670"]
[PlyCount "49"]
[EventDate "2007.??.??"]

1. d4 Nf6 2. Nf3 d5 3. e3 e6 4. Bd3 Be7 5. O-O O-O 6. Nbd2 c5 7. b3 cxd4 8.
exd4 Nc6 9. a3 b6 10. Bb2 Bb7 11. Ne5 Rc8 12. f4 g6 13. Qf3 Qc7 14. Qh3 Nxe5
15. fxe5 Ne4 16. Nf3 a6 17. Bc1 Qc6 18. Bh6 Rfe8 19. Bxe4 dxe4 20. Ng5 Bxg5 21.
Bxg5 Qc3 22. Qh6 Qxd4+ 23. Kh1 f5 (23... e3 $1 {sauve la partie} 24. Bf6 Bxg2+
25. Kxg2 Qg4+ 26. Kh1 Qe4+ 27. Kg1 Qg4+ $11) 24. exf6 Rc7 25. Rad1 $18 {
les Noirs doivent donner la Q sous peine de mat} (25. Rad1 Qe5 26. f7+ Rxf7 27.
Rxf7 Kxf7 28. Qxh7+ Kf8 29. Bh6+ Qg7 30. Qxg7#) 1-0

[Event "Open13 06/07"]
[Site "?"]
[Date "2007.02.03"]
[Round "5"]
[White "Girard, Jean-Pierre"]
[Black "Thiers, Jean-Jacques"]
[Result "0-1"]
[WhiteElo "1973"]
[BlackElo "1680"]
[PlyCount "98"]
[EventDate "2007.??.??"]

1. e4 e5 2. Nf3 Nc6 3. Bb5 a6 4. Ba4 Nf6 5. O-O d6 6. Re1 b5 7. Bb3 Be7 8. c3
O-O 9. a4 Bb7 10. d3 Na5 11. Bc2 c5 12. Nbd2 Nc6 13. Nf1 Re8 14. Ng3 b4 15. h3
a5 16. Be3 Bf8 17. Bb3 Be7 18. Nf5 Rf8 19. Nh2 Bc8 20. Qf3 Bxf5 21. Qxf5 Qd7
22. Qf3 Nd8 23. d4 Ne6 24. Rad1 Qb7 25. dxe5 dxe5 26. Bd5 Nxd5 27. exd5 Ng5 28.
Qf5 h6 29. d6 Bf6 30. Ng4 bxc3 31. bxc3 Nh7 32. Bxh6 Qc8 33. Nxf6+ Nxf6 34.
Qxe5 (34. Qg5 Nh5 35. Qxh5 gxh6 36. Qxh6 $18) (34. d7 Qd8 35. Qg5 Nh5 36. Qxh5
gxh6 37. Qxh6 Qe7 38. Re3 f6 39. Rg3+ Kf7 40. f4 $1 {
(menace f5 dans plusieurs variantes)} Ke6 41. f5+ Kxf5 42. Qd2 c4 43. Qd5 $1
$18 {et les Noirs donneront la Q pour seulement retarder le mat}) 34... Re8 $18
35. Qg5 Rxe1+ 36. Rxe1 Qf8 37. Re7 (37. Qxf6 {
liquide du matériel pour entrer dans une finale gagnante} gxf6 38. Bxf8 Kxf8
39. d7 {(le plus simple)} f5 40. g3 Rd8 41. Re8+ Rxe8 42. dxe8=Q+ Kxe8 43. Kg2
$18 {avec une finale de P facilement gagnée}) 37... Rd8 $18 38. Qe5 Nd7 39. Qf5
Nb6 40. Be3 $2 {perd le Pd6, un bon atout des Blancs} (40. Bxg7 $1 Qxg7 41.
Qxc5 Qf6 (41... Nc8 42. Qc7 Rf8 43. Re3 Qf6 44. d7 Nd6 45. Rd3 Ne4 46. d8=Q
Qxf2+ 47. Kh2 Rxd8 48. Qxd8+ Kg7 49. Qc7 $18) 42. Qxb6 Rxd6 43. Qb8+ Kg7 44.
Re3 $18) 40... Rxd6 $16 41. Re5 Nxa4 $2 (41... Rd1+ 42. Kh2 Nxa4 $16) 42. Bxc5
$2 (42. Qc2 $1 Nxc3 {(quoi d'autres ? Bxc5 menace)} 43. Qxc3 a4 44. Qc2 a3 45.
Qa4 Rd8 46. Qxa3 $18) 42... Rd1+ $16 43. Kh2 Qb8 $6 (43... Nxc5 44. Rxc5 a4 $16
) 44. g3 $2 (44. f4 $1 Nxc5 45. Rxc5 $18) 44... Qa8 $11 45. Qe4 $4 {
perd une pièce et la partie} (45. f3 Rd2+ 46. Kh1 Nxc3 47. Re7 Rd1+ 48. Kg2
Rd2+ 49. Bf2 Qf8 50. Qg5 $11) 45... Qxe4 $19 46. Rxe4 Nxc5 47. Re5 Nb3 48. Rb5
a4 49. Rb4 a3 0-1

[Event "Open13 06/07"]
[Site "?"]
[Date "2007.02.03"]
[Round "5"]
[White "Battaglia, Gerard"]
[Black "Wallet, Patrick"]
[Result "1/2-1/2"]
[WhiteElo "1890"]
[BlackElo "1830"]
[PlyCount "76"]

1. d4 Nf6 2. c4 e6 3. Nf3 b6 4. a3 Bb7 5. Nc3 Be7 6. d5 d6 7. e4 e5 8. Be2 O-O
9. O-O Nbd7 10. b4 c6 11. dxc6 Bxc6 12. Qc2 Rc8 13. Bb2 Qc7 14. Qb1 Qb8 15. Nd2
Ne8 16. Re1 Nc7 17. Bg4 Rcd8 18. b5 Bb7 19. Nf1 Nf6 20. Bf3 Ne6 21. a4 Rc8 22.
Qa2 Ng5 23. Nd2 Nxf3+ 24. Nxf3 a5 25. Rac1 Nd7 26. Rc2 Nc5 27. Ba3 f5 28. Nd5
Bxd5 29. exd5 e4 30. Nd4 Bg5 $2 (30... Nd3 $14) 31. Bxc5 $18 dxc5 32. Ne6 Bf4
33. g3 Bd6 34. Nxf8 Rxf8 35. Rce2 Qd8 36. Qb3 Qf6 37. Rd1 h5 38. h4 g5 $18
1/2-1/2

[Event "Open13 06/07"]
[Site "?"]
[Date "2007.02.03"]
[Round "5"]
[White "Simone, Herve"]
[Black "Pleynet, Olivier"]
[Result "0-1"]
[WhiteElo "1720"]
[BlackElo "1925"]
[PlyCount "120"]
[EventDate "2007.??.??"]

1. e4 d6 2. d4 g6 3. Nf3 Bg7 4. Nc3 Nf6 5. Bd3 Nc6 6. O-O e5 7. Bc4 O-O 8. Bg5
Bg4 9. d5 Nd4 10. Be2 Nxe2+ 11. Qxe2 h6 12. Bd2 Qd7 13. h3 Bh5 14. Qd3 Rae8 15.
Nh2 g5 16. Ne2 g4 17. hxg4 Nxg4 18. Ng3 Bg6 19. f4 Nxh2 20. Kxh2 exf4 21. Rxf4
Qe7 22. Bc3 Be5 23. Bxe5 Qxe5 24. Rh4 Kh7 25. Qe3 h5 26. Rf1 f5 27. Rff4 fxe4
28. Rxe4 Bxe4 29. Rxh5+ Qxh5+ 30. Nxh5 Re5 31. Qh3 Bg6 32. Nf4+ Kg7 33. Ne6+
Kf7 34. Nxf8 Rh5 35. Nxg6 Kxg6 36. Qxh5+ Kxh5 37. Kg3 Kg5 38. Kf3 Kf5 39. g4+
Ke5 40. c4 c6 41. Ke3 a5 42. a3 cxd5 43. cxd5 b5 44. Kd3 Kf4 45. a4 bxa4 46.
Kc4 Kxg4 47. Kb5 Kf5 48. Kb6 Ke5 49. Kc6 a3 50. bxa3 a4 51. Kb5 Kxd5 52. Kxa4
Kc4 53. Ka5 d5 54. Kb6 d4 55. a4 d3 56. a5 d2 57. a6 d1=Q 58. a7 Qd5 59. Kc7
Qa8 60. Kb6 Kd5 0-1

[Event "Open13 06/07"]
[Site "?"]
[Date "2007.02.03"]
[Round "5"]
[White "Mazzerbo, Olivier"]
[Black "Pierrugues, Laurent"]
[Result "1/2-1/2"]
[WhiteElo "1800"]
[BlackElo "1910"]
[PlyCount "76"]

1. Nf3 Nf6 2. c4 g6 3. Nc3 Bg7 4. e4 d6 5. d4 O-O 6. Be2 e5 7. d5 a5 8. Bg5 h6
9. Bd2 Na6 10. O-O Nc5 11. Qc2 Nh5 12. a3 a4 13. Be3 Bd7 14. Rad1 b6 15. Ne1
Nf4 16. Nd3 Nxe2+ 17. Qxe2 Nxd3 18. Rxd3 Ra5 19. Rc1 f5 20. exf5 gxf5 21. f3
Qf6 22. Rd2 Qg6 23. Bf2 Bf6 24. Rdd1 Rf7 25. Kh1 Kh7 26. Be1 Ra8 27. Nb5 Bxb5
28. cxb5 Raf8 29. Rc4 e4 30. Rxa4 Qh5 31. Bc3 Bg5 32. Bd2 e3 33. Be1 Re7 34.
Rc4 Rfe8 35. Rdc1 Qf7 36. Rd1 Qh5 37. Rdc1 Qf7 38. Rd1 Qh5 1/2-1/2

[Event "Open13 06/07"]
[Site "?"]
[Date "2007.02.03"]
[Round "5"]
[White "Estevez, Ange"]
[Black "Colandrea, Sauveur"]
[Result "0-1"]
[WhiteElo "1780"]
[BlackElo "1904"]
[PlyCount "58"]

1. e4 Nf6 2. e5 Nd5 3. d4 d6 4. Nf3 g6 5. c4 Nb6 6. b3 Bg7 7. Bb2 Nc6 8. Be2
O-O 9. O-O a5 10. a4 Nd7 11. exd6 cxd6 12. Qd2 Qb6 13. d5 Nce5 14. Nxe5 Nxe5
15. Nc3 Qxb3 $17 16. Rab1 Nxc4 17. Bxc4 Qxc4 18. Rfc1 Bf5 19. Ne2 Qd3 $19 20.
Qe1 Bh6 21. Rd1 Qc4 22. Ra1 Rac8 (22... Rfe8 $19) 23. Nd4 Qb4 $6 24. Qe2 $2 Bd7
25. Bc1 $2 (25. Qxe7 $15) 25... Rxc1 $19 26. Raxc1 Bxc1 27. Qxe7 Bxa4 28. Rxc1
Re8 29. Rc8 Qb1+ 0-1

[Event "Open13 06/07"]
[Site "Vitrp*olles"]
[Date "2007.01.03"]
[Round "5"]
[White "Porte, Jacques"]
[Black "Torelli, Roger"]
[Result "1-0"]
[WhiteElo "1505"]
[BlackElo "1780"]
[PlyCount "134"]
[EventDate "2007.02.03"]

1. e4 e5 2. Nf3 Nc6 3. Bb5 a6 4. Ba4 Nf6 5. O-O b5 6. Bb3 Bc5 7. d3 O-O 8. Bg5
Be7 9. c3 d6 10. Nbd2 Na5 11. Bc2 Be6 12. h3 c5 13. Re1 h6 14. Bh4 Nh5 15. Bxe7
Qxe7 16. Nxe5 Nf6 17. Nef3 Qc7 18. Nf1 Nc6 19. Qe2 Rfe8 20. Qd2 Ne5 21. N1h2
Rad8 22. Nxe5 dxe5 23. Nf3 a5 24. Rad1 b4 25. Qe3 Rc8 26. c4 Bd7 27. b3 Ra8 28.
a4 Rad8 29. Nh2 Bc8 30. Qc1 Qc6 31. Re3 Nh5 32. Rf3 Qg6 33. Kh1 Rd6 34. Qe3 Rc6
35. Rg1 Nf4 36. Rg3 Qh5 37. Bd1 Qh4 38. Nf3 Qd8 39. Nh2 Ree6 40. Nf3 $11 Qxd3
41. Nh4 $2 (41. Nxe5 Qxe3 42. fxe3 Rxe5 43. exf4 Rxe4 44. Bf3 Re3 45. Bxc6 Rxg3
46. Re1 $14) 41... Qxe3 $17 42. Rxe3 Re8 43. Kh2 Rd8 44. Nf5 Bxf5 45. exf5 Rcd6
46. Rxe5 Nxh3 $2 (46... Rxd1 47. Rxd1 Rxd1 48. Rxc5 Rb1 49. Rxa5 $17) 47. Kxh3
$16 Rxd1 48. Rxd1 Rxd1 49. Rxc5 Rd3+ 50. g3 Rxb3 51. Rxa5 Rc3 52. Rb5 Kf8 53.
c5 Ke7 54. a5 Kd7 (54... Ra3 $16) 55. a6 $18 Kc6 56. Rxb4 Ra3 57. Rb7 Rxa6 58.
Rxf7 Kxc5 59. Rxg7 Rf6 60. g4 Kd5 61. Rg6 Rf8 62. Rxh6 Ke5 63. Kg3 Rd8 64. Re6+
Kd5 65. Kf4 Rg8 66. Re3 Kd6 67. f6 Rf8 1-0

[Event "Open13 06/07"]
[Site "?"]
[Date "2007.02.17"]
[Round "6"]
[White "Sintes, Marc"]
[Black "Milesi, Laurent"]
[Result "0-1"]
[WhiteElo "2096"]
[BlackElo "2104"]
[PlyCount "32"]
[EventDate "2007.??.??"]

1. Nf3 b6 2. d4 Bb7 3. Nc3 e6 4. e4 Nf6 5. e5 Nd5 6. Nxd5 Bxd5 7. Bd3 Be7 8. h4
c5 9. dxc5 Bxc5 10. Bf4 Qc7 11. Qe2 Nc6 12. c3 O-O-O 13. b4 Be7 14. a4 Nxb4 $17
15. Ba6+ $2 Kb8 $1 16. O-O Nxa6 (16... Nxa6 17. Qxa6 Bc4 {gagne laQ blanche})
0-1

[Event "Open13 06/07"]
[Site "?"]
[Date "2007.02.17"]
[Round "6"]
[White "Anton, Jose"]
[Black "Lenfant, Francois"]
[Result "0-1"]
[WhiteElo "1990"]
[BlackElo "2106"]
[PlyCount "62"]

1. e4 e6 2. Nf3 d5 3. e5 Bd7 4. a3 c5 5. b4 cxb4 6. d4 Nc6 7. axb4 Bxb4+ 8. c3
Be7 9. Bd3 f5 10. O-O Nh6 11. Bxh6 gxh6 12. Qd2 Kf7 13. Qxh6 Qg8 14. Na3 a6 15.
c4 Nb4 16. Be2 dxc4 17. Nxc4 Qg6 18. Qh3 Nd5 19. Qg3 Qh6 20. Nd6+ Kf8 21. Ne1
Rg8 22. Qb3 Nf4 23. Bf3 Bxd6 24. exd6 Bb5 25. Qxb5 $1 axb5 26. Rxa8+ Kf7 27.
Rxg8 (27. Ra7 Qf8 28. Rxb7+ Kf6 29. d7 Qb4 30. g3 Nh3+ 31. Kg2 Qc4 $17) 27...
Kxg8 28. Bxb7 (28. g3 Nh3+ 29. Kg2 Ng5 30. d7 Qf6 31. Bxb7 Qxd4 32. Bc8 Kf8 33.
h4 Ne4 $19) 28... Qf8 29. d7 Qd6 30. Bc6 Ne2+ 31. Kh1 Nxd4 0-1

[Event "Open13 06/07"]
[Site "?"]
[Date "2007.02.17"]
[Round "6"]
[White "Busson, Benoist"]
[Black "Robe, Pierre"]
[Result "1-0"]
[WhiteElo "2053"]
[BlackElo "1830"]
[PlyCount "55"]

1. e4 d6 2. d4 Nf6 3. Nc3 g6 4. Bg5 Bg7 5. Qd2 O-O 6. f3 Qe8 7. Bc4 c6 8. e5
Nfd7 9. e6 fxe6 10. Bxe6+ Kh8 11. Nge2 Nf6 12. Bxc8 Qxc8 13. O-O-O b5 14. h4 b4
15. Ne4 Nxe4 16. fxe4 Qe6 17. Kb1 Qxe4 18. Nf4 e5 $2 (18... Qf5 $14) 19. Ne6
$18 Rf7 20. Nxg7 Kxg7 21. Bh6+ (21. dxe5 b3 (21... dxe5 $2 22. Bh6+ Kf6 (22...
Kg8 23. Qd8+ Rf8 24. Qxf8#) 23. Rhf1+ $18 {suivi du mat}) (21... Na6 22. Rhe1
Qd5 23. Bf6+ Kg8 24. Qg5 Qc5 25. h5 $18) 22. axb3 Kg8 23. Rhe1 Qg4 24. e6 $18)
21... Kg8 22. dxe5 $1 $18 d5 23. Rde1 Qg4 24. e6 Re7 25. Rhf1 Na6 26. Rf4 Qg3
27. Ref1 Ree8 28. Qd4 1-0

[Event "Open13 06/07"]
[Site "?"]
[Date "2007.02.17"]
[Round "6"]
[White "Cortes, Antoine"]
[Black "Nakache, Jonathan"]
[Result "1-0"]
[WhiteElo "2158"]
[BlackElo "2140"]
[PlyCount "99"]

1. e4 c5 2. Nc3 Nc6 3. Nge2 d6 4. d4 cxd4 5. Nxd4 e5 6. Nf3 Nf6 7. Bg5 Be6 8.
Qd2 Be7 9. Be2 a6 10. a4 b6 11. Rd1 Qc7 12. O-O h6 13. Bxf6 gxf6 14. Nd5 Bxd5
15. exd5 Na5 16. b3 Nb7 17. Nh4 Qd7 18. Bd3 Qg4 19. g3 Nc5 20. Bf5 Qg5 21. Qb4
Rb8 22. Bh3 Rg8 23. Nf5 Qh5 24. Kg2 Rg5 25. Ne3 f5 26. f3 $2 (26. f4 Rg8 (26...
Qe2+ $2 27. Rf2 Qxe3 28. Re1 Qxf2+ 29. Kxf2 $18) 27. Rde1 f6 28. Nxf5 $18)
26... f4 $1 $17 27. Ng4 $2 $19 (27. Bg4 Qg6 28. gxf4 exf4 29. Qxf4 h5 30. Rde1
hxg4 31. fxg4 $17 {avec la menace 32.h4}) 27... f5 28. Nf2 fxg3 29. hxg3 Qg6
30. Kh2 Rxg3 31. Rg1 f4 $6 (31... Rxg1 32. Rxg1 Bg5 $19) 32. Qc4 (32. Ne4 Nxe4
33. Qxe4 Qxe4 34. fxe4 Bh4 35. Rxg3 Bxg3+ 36. Kg2 $17) 32... b5 33. axb5 axb5
34. Qe2 Bh4 35. b4 $1 Rxg1 36. Rxg1 Bg3+ 37. Kg2 Nd7 (37... Na6) 38. Bxd7+ Kxd7
39. Ne4 $4 h5 $2 $15 (39... Bh2+ 40. Kxh2 Qh5+ 41. Kg2 Rg8+ 42. Kf1 Qh3+ 43.
Ke1 Rxg1+ 44. Kd2 Rg2 45. Nf2 Qg3 46. Ke1 Kc7 $19 {zugzwang!}) 40. c4 h4 41.
Qa2 h3+ 42. Kh1 Rb7 $2 43. Qa6 $1 $18 Rc7 44. c5 Ke8 45. Qxb5+ Kf7 46. Qb6 Rd7
47. c6 Qh5 48. Rf1 h2 49. cxd7 Qh3 50. Ng5+ 1-0

[Event "Open13 06/07"]
[Site "?"]
[Date "2007.02.17"]
[Round "6"]
[White "Mazeau, Geoffroy"]
[Black "Thomet, Yannick"]
[Result "1-0"]
[WhiteElo "1837"]
[BlackElo "2040"]
[PlyCount "85"]

1. f4 e6 2. Nf3 d5 3. e3 Bd6 4. b3 Nf6 5. Bb2 Nbd7 6. Be2 c6 7. O-O Qc7 8. c4
h6 9. d4 Ng4 10. Qd2 g5 11. Ne5 h5 12. h3 Ngf6 13. Na3 gxf4 14. exf4 b6 15.
Rac1 Bb7 16. cxd5 exd5 17. Nb5 Qb8 18. Nxc6 Bxc6 19. Rxc6 Ne4 20. Qd3 Rh6 $4 (
20... Bxf4 21. Bf3 f5 $16) 21. Nc7+ $18 Kf8 22. Rfc1 Kg7 23. Nxd5 Nef6 24. Nxf6
Nxf6 25. Qf3 Bxf4 26. Rc8 Qd6 27. Rxa8 Bxc1 28. Bxc1 Rg6 29. Bf4 Qxd4+ 30. Qe3
Qa1+ 31. Kh2 Qxa2 32. Be5 h4 33. Bf3 Qa5 34. Qd4 Qe1 35. Rxa7 b5 36. Bd5 Kh6
37. Qf4+ Kh5 38. Bf3+ Ng4+ 39. Bxg4+ Rxg4 40. Qxg4+ Kh6 41. Ra6+ f6 42. Rxf6+
Kh7 43. Qg6+ 1-0

[Event "Open13 06/07"]
[Site "?"]
[Date "2007.02.17"]
[Round "6"]
[White "Madranges, Jean"]
[Black "Lecoq-Bernard, Francois"]
[Result "0-1"]
[WhiteElo "1910"]
[BlackElo "2000"]
[PlyCount "30"]

1. d4 Nf6 2. Bf4 d6 3. Nc3 g6 4. e4 Bg7 5. Qd2 Nbd7 6. O-O-O c5 7. dxc5 Nxc5 8.
e5 Nfe4 9. Nxe4 Nxe4 10. Qe3 Bf5 11. Bb5+ Kf8 12. exd6 $11 (12. f3 g5 13. fxe4
gxf4 14. Qxf4 Be6 15. exd6 $16) 12... Nxd6 13. Be5 $2 (13. Bd3 $11) 13... Qa5
14. Bxg7+ Kxg7 15. Qd4+ f6 (15... f6 16. Ba4 e5 17. Qxd6 Qxa4 18. Rd2 Rac8 19.
Kd1 Rxc2 20. Ke1 Rxd2 21. Qxd2 Qxa2 22. Ne2 Qb1+ 23. Qc1 Qxc1+ 24. Nxc1 Rc8 $19
) 0-1

[Event "Open13 06/07"]
[Site "?"]
[Date "2007.02.17"]
[Round "6"]
[White "Thiers, Jean-Jacques"]
[Black "Madranges, Julien"]
[Result "0-1"]
[WhiteElo "1680"]
[BlackElo "1929"]
[PlyCount "64"]

1. e4 d5 2. exd5 Qxd5 3. Nc3 Qa5 4. d4 c6 5. Nf3 Nf6 6. Bd3 Bg4 7. O-O e6 8.
Ne4 Nbd7 9. h3 Nxe4 10. Bxe4 Bh5 11. Bd2 Qc7 12. Qc1 Be7 13. Bf4 Qb6 14. Be3
Nf6 15. Nd2 Nd5 16. Nc4 Qc7 17. c3 Be2 18. Bxd5 cxd5 19. Ne5 Bxf1 20. Qxf1 a6
21. f4 O-O 22. g4 Bd6 23. Qg2 f6 24. Nd3 Qc4 25. Qc2 Rae8 26. b3 Qc7 27. c4 e5
28. fxe5 fxe5 29. c5 exd4 30. Bxd4 Bf4 31. Qg2 Re4 32. Nxf4 Qxf4 0-1

[Event "Open13 06/07"]
[Site "?"]
[Date "2007.02.17"]
[Round "6"]
[White "Pieri, Thierry"]
[Black "Jouet, Philippe"]
[Result "1-0"]
[WhiteElo "1927"]
[BlackElo "1920"]
[PlyCount "99"]

1. e4 b6 2. d4 Bb7 3. Bd3 Nf6 4. Qe2 e6 5. Nf3 c5 6. c3 Be7 7. O-O Nc6 8. e5
Nd5 9. Be4 Nc7 10. Be3 Ba6 11. c4 cxd4 12. Nxd4 Nxd4 13. Bxd4 Rc8 14. Nc3 Nd5
15. Nxd5 Bxc4 16. Qg4 exd5 17. Qxg7 Rf8 18. Bxh7 Bxf1 19. Rxf1 Rc4 20. Be3 Qc8
21. Bd3 Rc6 22. Bh6 Kd8 23. Qh7 Re8 24. g4 Kc7 25. Be3 Rf8 26. Bb5 Kb7 27. Qd3
Kb8 28. Qxd5 Rg8 29. Bf4 Rxg4+ 30. Bg3 Rc5 31. Qd3 Rxg3+ 32. fxg3 Rxe5 33. a4
Bc5+ 34. Kg2 Qb7+ 35. Qf3 Qxf3+ 36. Rxf3 Re7 37. b3 d5 38. h4 d4 39. h5 Re5 40.
g4 Rg5 41. Kh3 f5 42. Rxf5 Rxf5 43. gxf5 Bf8 44. f6 Kc7 45. Kg4 Kd6 46. Kf5 Kd5
47. Bc4+ Kd6 48. Kg6 Ke5 49. f7 (49. h6 $2 Bxh6 50. Kxh6 Kxf6 51. Bd3 Ke5 52.
Kg5 $18 {gagne encore, mais c'est plus lent}) 49... Kd6 50. h6 1-0

[Event "Open13 06/07"]
[Site "?"]
[Date "2007.02.17"]
[Round "6"]
[White "Pleynet, Olivier"]
[Black "Wallet, Patrick"]
[Result "1-0"]
[WhiteElo "1925"]
[BlackElo "1830"]
[PlyCount "83"]

1. e4 c5 2. Nc3 d6 3. f4 Nc6 4. Bc4 Nf6 5. d3 e6 6. Nf3 Na5 7. Bb5+ Bd7 8. e5
dxe5 9. Bxd7+ Nxd7 10. fxe5 Nc6 11. Bf4 a6 12. O-O Be7 13. Qe1 Nf8 14. Qf2 Ng6
15. Bg3 O-O 16. Ne4 f5 17. exf6 gxf6 18. Nxc5 Qd5 19. Ne4 e5 20. Nc3 Qa5 21.
Qe2 Rae8 22. Kh1 Bd8 23. Nh4 Qc7 24. Qh5 Qg7 25. Nf5 Qd7 26. Ne4 Nce7 27. Nfd6
Nd5 28. Nxe8 Qxe8 29. c4 Nc7 30. Rf2 Ne6 31. Raf1 Ng7 32. Qf3 Qe7 33. Nc3 Ne6
34. Nd5 Qd7 35. Qg4 Kg7 {#} 36. Bxe5 $6 (36. Nxf6 $1 Bxf6 37. Rxf6 Qd6 (37...
Rxf6 38. Bxe5 Nc5 (38... Qxd3 39. Rxf6 $1 Kh6 40. h4 $18) 39. Bxf6+ Kg8 40.
Qxd7 Nxd7 $18) 38. Qf5 Nef4 39. Rxf8 Qxf8 40. Qxf8+ Kxf8 41. Bxf4 exf4 42. g3
$18) 36... fxe5 $16 37. d4 Rxf2 38. Rxf2 exd4 39. Re2 Kf7 40. Qf5+ Kg7 41. Rxe6
d3 42. Rxg6+ 1-0

[Event "Open13 06/07"]
[Site "?"]
[Date "2007.02.17"]
[Round "6"]
[White "Scamaroni, Jean-Paul"]
[Black "Battaglia, Gerard"]
[Result "0-1"]
[WhiteElo "1820"]
[BlackElo "1890"]
[PlyCount "86"]

1. d4 Nf6 2. c4 c5 3. d5 b5 4. cxb5 e6 5. Nc3 exd5 6. Nxd5 Bb7 7. Nc3 d5 8. e3
Bd6 9. Nf3 O-O 10. Be2 Nbd7 11. O-O Qc7 12. g3 Rad8 13. a4 Rfe8 14. b6 axb6 15.
Nb5 Qb8 16. Nxd6 Qxd6 17. Bb5 Re7 18. b3 d4 19. Nh4 $2 (19. exd4 Qd5 20. Kg2
cxd4 21. Bc4 Qxf3+ 22. Qxf3 Bxf3+ 23. Kxf3 Ne5+ 24. Kg2 Nxc4 25. bxc4 Rc7 $17)
19... Qd5 20. f3 Nf8 $2 (20... dxe3 21. Qxd5 Nxd5 22. Re1 Ne5 $17) 21. e4 $11
Qh5 22. Nf5 Re5 23. g4 Qh3 24. Bf4 Rxf5 $6 (24... Nxg4 25. fxg4 Rxe4 $11) 25.
gxf5 $1 (25. exf5 Nxg4 $15) 25... N6d7 (25... N8d7 26. Qd2 $18) (25... Nxe4 26.
fxe4 Bxe4 27. Qe2 Qxf5 $18) 26. Rf2 Qh4 27. Qd2 Qe7 28. Re1 (28. a5 bxa5 29.
Rxa5 $18) (28. b4 Ne5 29. a5 bxa5 30. bxa5 $18) 28... Ne5 $16 29. Bg3 Nfd7 30.
Bxd7 Rxd7 31. h3 Ba6 32. Bxe5 Qxe5 33. f4 Qf6 34. Rg2 d3 35. Kh2 Bb7 36. Rg3
Qd4 37. Rge3 f6 38. Kg3 c4 $6 39. bxc4 Qxc4 40. e5 $1 fxe5 41. fxe5 g5 42. fxg6
(42. Rf1 $1 $18) 42... Rg7 43. Kh2 $4 (43. Rg1 Rxg6+ 44. Kh2 Be4 $16 (44...
Qf4+ 45. Rgg3 Kh8 (45... Qf1 46. Rxg6+ hxg6 47. Rxd3 $18) 46. Rxd3 $18)) 43...
Qf4+ $19 0-1

[Event "Open13 06/07"]
[Site "?"]
[Date "2007.02.17"]
[Round "6"]
[White "Regaud, Denis"]
[Black "Simone, Herve"]
[Result "1/2-1/2"]
[WhiteElo "1670"]
[BlackElo "1720"]
[PlyCount "131"]
[EventDate "2007.??.??"]

1. d4 e6 2. c4 d5 3. g3 Nf6 4. Bg2 Be7 5. Nf3 O-O 6. O-O Bd7 7. Qc2 Nc6 8. a3
Ne4 9. Nc3 Nxc3 10. Qxc3 Bf6 11. b4 g6 12. Bb2 Ne7 13. Ne5 c6 14. e4 Bg7 15.
Rfd1 Rc8 16. Rac1 f6 17. Nxd7 Qxd7 18. Qe3 Rfe8 19. Qd3 Kf7 20. Rc2 h5 21. e5
Nf5 22. h4 Nh6 23. Bf3 Qe7 24. cxd5 cxd5 25. Rdc1 Qd7 26. Be2 a6 27. f4 b5 28.
Qf3 Rxc2 29. Rxc2 Rc8 30. Qd3 Rc4 31. Qd1 Rxc2 32. Qxc2 Nf5 33. Kf2 fxe5 34.
fxe5 Bh6 35. Qc5 Be3+ 36. Kg2 Qe7 37. Bd3 $6 (37. Kf3 Qd7 $11 (37... Qxc5 38.
dxc5 Bd4 39. Bxd4 Nxd4+ 40. Ke3 $14)) (37. Bd1 Kg7 (37... Qxc5 38. dxc5 $11)
38. Qxe7+ Nxe7 $15) 37... Qxc5 $17 38. dxc5 Bd4 39. c6 (39. Bxd4 Nxd4 40. g4
Nc6 41. gxh5 gxh5 42. Be2 Kg6 43. Bd1 Nxe5 $17) 39... Bxb2 40. Bxf5 Bxe5 $1 41.
Bd3 Bc7 42. Kh3 e5 43. g4 e4 44. Bc2 {les B de couleurs opposés garantissent
la nulle pour le meilleur jeu des 2 cotés} e3 (44... hxg4+ 45. Kxg4 Ke6 46. Kg5
Bd8+ 47. Kxg6 Bxh4 48. c7 Kd7 49. Kf5 e3 50. Bd3 Kxc7 51. Ke6 (51. Kf4 Bf2 52.
Be2 Kd6 53. Bg4 Kc6 54. Be2 Kb6 55. Bf3 a5 (55... d4 56. Ke4 Be1 57. Kxd4 Bd2
58. Kd3 Bc1 59. Kc3 Bxa3 60. Bd1 Bxb4+ 61. Kxb4 a5+ 62. Kb3 Kc5 63. Be2 b4 64.
Ka4 Kd4 65. Kb3 (65. Kxa5 b3 $19) 65... Ke4 66. Kc4 Kf4 67. Kd3 a4 68. Kc4 b3
69. Kc3 Kg3 70. Bb5 Kf2 $19) 56. Bd1 a4 57. Kf3 Bh4 58. Kxe3 Bg5+ 59. Kd4 $11)
51... Kc6 52. Be2 Be1 53. Bf3 Bc3 54. Bxd5+ Kb6 55. Bf3 Bb2 56. Kd5 Bxa3 57.
Kd4 Bxb4 58. Kxe3 a5 59. Kd3 a4 (59... Kc5 60. Kc2 a4 61. Kb2 $11) 60. Bd5 Bd6
$11) 45. Bd3 $11 Kf6 46. gxh5 (46. g5+ Kf7 $11) 46... gxh5 47. Kg2 d4 48. Kf3
Ke5 49. Bg6 Kd6 50. Bxh5 Kxc6 (50... Bd8 51. Ke4 Bxh4 52. Kxd4 Bf2 53. Kd3 Kxc6
$11) 51. Ke4 Bb6 52. Bf3 Kd6 53. Kd3 Ke5 54. Bb7 a5 55. bxa5 Bxa5 56. Bc6 b4
57. axb4 Bxb4 58. h5 Bf8 59. Bb5 Bg7 60. Ke2 Kf4 61. Bd3 Bh6 62. Bb5 Kg4 63.
Be8 d3+ 64. Kxd3 Kf3 65. Bd7 Bf4 66. Bf5 $11 1/2-1/2

[Event "Open13 06/07"]
[Site "?"]
[Date "2007.02.17"]
[Round "6"]
[White "Pierrugues, Laurent"]
[Black "Girard, Jean-Pierre"]
[Result "0-1"]
[WhiteElo "1910"]
[BlackElo "1973"]
[PlyCount "96"]

1. Nf3 Nf6 2. g3 b6 3. Bg2 Bb7 4. O-O e6 5. d4 c5 6. c3 Be7 7. Bf4 d6 8. Na3 a6
9. Qb3 Nbd7 10. Rad1 Qc7 11. Rfe1 O-O 12. Nc4 b5 13. Ncd2 Rac8 14. Rc1 h6 15.
h3 Nd5 16. e4 Nxf4 17. gxf4 Rce8 18. Nf1 Bf6 19. N1h2 g6 20. Ng4 Bg7 21. a4 c4
22. Qc2 f5 23. exf5 exf5 24. Ne3 Be4 25. Qd1 Nf6 26. axb5 axb5 27. Nh4 Kh7 28.
Bxe4 Rxe4 29. Qf3 Rfe8 30. Qg3 Qf7 31. Neg2 Nh5 32. Qf3 Bf6 33. Qd1 Bxh4 34.
Rxe4 Rxe4 35. Nxh4 Nxf4 36. Kh2 Nd3 37. Nf3 Nxc1 38. Qxc1 Qe7 39. Qa1 Qb7 40.
Kg3 g5 41. Nd2 Re2 42. Nf3 Qe7 43. Qb1 Qe4 44. Qa1 Qf4+ 45. Kg2 Re7 46. Qd1 g4
47. hxg4 Qxg4+ 48. Kh1 Rg7 0-1